| 000 | 00741cam a22002417a 4500 | ||
|---|---|---|---|
| 008 | |||
| 020 | _a0130930156 (hbk.) | ||
| 049 | _aMAIN | ||
| 090 | 0 |
_aTK5103 _bMAI |
|
| 245 | 1 | 0 |
_aEnhanced wireless networking certification / _c[Max Main]. |
| 260 |
_aUpper Saddle River, N.J. : _bPearson Education, _cc2003. |
||
| 300 |
_axx, 388 p. : _bill. ; _c29 cm. |
||
| 440 | 0 | _aCertification series | |
| 500 | _a"Featuring examGEAR adaptive test engine"--Cover. | ||
| 500 | _aIncludes index. | ||
| 650 | 0 | _aWireless communication systems. | |
| 700 | _aMain, Max. | ||
| 907 |
_a.b10204180 _b25-02-11 _c31-05-06 |
||
| 003 | |||
| 005 | 20230123134218.0 | ||
| 040 | _cNUST | ||
| 942 |
_cBOOKS _kTK5103 _mMAI |
||
| 999 |
_c161966 _d161966 |
||